000 00734nam a2200193Ii 4500
003 JO-AjNU
008 230605s9999||||xx |||||||||||||| ||und||
040 _aJO-AjNU
_bara
_erda
_cJO-AjNU
041 _aara
050 1 4 _aPN6065.H3622 1984
100 3 _aحنورة، أحمد حسن,
_eauthor
_912086
245 0 0 _aمقياس التمكن من القدرات والمهارات الأساسية للغة العربية (مستوى المثقفين وطلاب الجامعات)
264 3 1 _aالقاهرة: المؤلف، 1984
300 _a96ص
336 _atext
_btxt
_2rdacontent
337 _aunmediated
_bn
_2rdamedia
338 _avolume
_bnc
_2rdacarrier
650 4 _aاللغة العربية - مهارات - قياس
_912087
999 _aA2660
_c6228
_d6228